000 00687nam a2200229 a 4500
001 BRCA_6254
005 20190320205403.0
008 210711s1939----u--af#####---#000-0#spa-#
041 _aspa
044 _au
050 4 _aBX6111
_b.W45 1939
100 1 _aWhite, Ellen Gould
_d1827-1915
_915703
245 1 0 _aEl conflicto de los siglos durante la era cristiana
_cE. G. White.
260 _aMountain View, California
_bPacific
_c1939
300 _axvi, 780 p.
_bil., grabados
_c22 cm.
500 _aIncluye índice alfabético e índice de gabados
500 _aK117
650 1 4 _aAdventistas del Séptimo Día
_915704
650 1 4 _aReligión
_915573
902 _aGFM
942 _2lcc
_cB
999 _c5941
_d5941